000 00620nam a2200217Ia 4500
003 GCL
008 140319s9999 xx 000 0 eng d
020 _a1563086123
040 _aGCL /
_cGCL
082 0 4 _a020.68
_bW M
100 1 _aWEINGAND, DARLENE E
245 1 0 _aMARKETING \ PLANNING LIBRARY AND INFORMATION SERVICES /
_cWEINGAND, DARLENE E
250 _aSECOND
260 _aنيويورك :
_bDARLENE E. WEINGAND ،
_c1998
300 _a24 C M ؛
_c187 P
650 0 4 _aMARKETING
650 0 4 _aINFORMATION STORAGE AND RETRIEVAL
650 0 4 _aLIBRARIES
650 0 4 _aINFORMATION SERVICES
942 _2ddc
_cBK
999 _c1447
_d1447